Normal view
MARC view
Entry Personal Name
001 - CONTROL NUMBER
- control field: 1234976
003 - CONTROL NUMBER IDENTIFIER
- control field: OSt
005 - DATE AND TIME OF LATEST TRANSACTION
- control field: 20260416150036.0
008 - FIXED-LENGTH DATA ELEMENTS
- fixed length control field: 260416|| aca||aabn | a|a d
040 ## - CATALOGING SOURCE
- Original cataloging agency: OSt
- Transcribing agency: OSt
100 ## - HEADING--PERSONAL NAME
- Personal name: Pal B. N.
- Fuller form of name: FIRST EDITION
670 ## - SOURCE DATA FOUND
- Source citation: Work cat.: (OSt)666289: Pal B. N. 344487, Introduction to vocational economics, 1968
